Loading...
| Ancient History and Archaeology | 4 | 15.00 | 100% | 50% | 175% |
| Beliefs | 9 | 14.44 | 222% | 111% | 67% |
| British and Commonwealth History | 3 | 23.33 | 400% | 133% | 133% |
| Current Events | 3 | 23.33 | 300% | 167% | 67% |
| Fine Arts - Auditory | 7 | 12.86 | 114% | 86% | 100% |
| Fine Arts - Visual | 5 | 16.00 | 80% | 160% | 120% |
| Geography | 1 | 20.00 | 400% | 200% | 0% |
| History - American | 3 | 10.00 | 133% | 67% | 33% |
| History - European | 8 | 15.00 | 150% | 100% | 113% |
| History - World | 9 | 14.44 | 189% | 133% | 33% |
| Literature - American | 6 | 15.00 | 133% | 167% | 67% |
| Literature - British | 6 | 13.33 | 133% | 50% | 117% |
| Literature - European | 4 | 10.00 | 0% | 100% | 100% |
| Other Academic | 2 | 25.00 | 400% | 100% | 200% |
| Other Arts: Auditory | 1 | 10.00 | 0% | 200% | 0% |
| Other Arts: Visual | 3 | 16.67 | 267% | 67% | 133% |
| Other Science: Computer Science | 2 | 20.00 | 400% | 100% | 100% |
| Other Science: Earth Science | 1 | 10.00 | 0% | 200% | 0% |
| Other Science: Math | 1 | 20.00 | 0% | 200% | 200% |
| Philosophy | 7 | 20.00 | 129% | 129% | 171% |
| Science - Biology | 7 | 15.71 | 114% | 171% | 86% |
| Science - Chemistry | 7 | 15.71 | 57% | 114% | 157% |
| Science - Physics | 4 | 15.00 | 0% | 150% | 150% |
| Social Science | 6 | 16.67 | 133% | 133% | 133% |
| World and Other Literature | 7 | 12.86 | 243% | 29% | 86% |